00900nam a2200205 a 4500003000200000005001700002008004100019050002900060100002900089245012500118260009000243300004000333504004100373650004000414650004000454650004000494942001400534999001700548952012900565020250218151248.0110617s19uu xx 00 eng d aPHS QA 20.E25b.C32 2011 aCecilio, Paolo Miguel E. aFactors affecting the difficulties in the study of mathematics among high school IV students /cPaolo Miguel E. Cecilio. aLas Piñas City, Philippines :bSouthville International School and Colleges,c2011. a30 pages :billustrations ;c28 cm. aIncludes bibliographical references. aMathematicsxLearning difficulties. aMathematicsxPsychological aspects. aLearning disabilitiesxMathematics. 2lcccPASS c98526d98526 00102lcc40aLUXbLUXcPASSd2011-06-17eDONATIONl0oPHS QA 20.E25 .C32 2011pP2626r2019-11-19 00:00:00w2014-04-08yPASS